| 000 | 01722nam a22002657a 4500 | ||
|---|---|---|---|
| 003 | URS | ||
| 005 | 20240416181803.0 | ||
| 008 | 240131b |||||||| |||| 00| 0 eng d | ||
| 050 | 0 | 0 |
_aLG 221.R59 B64466 _b2012 |
| 100 | 1 |
_aBorbe, Cherry Rose P. _eResearcher |
|
| 245 | 1 | 0 |
_aCulture of the Indigenous Peoples - Dumagat Remontados at Barangay Puray, Rodriguez, Rizal/ _cBorbe, Cherry Rose P. , Cruz, Jennifer V. , Vertudez, Alona C. |
| 260 | 1 | _c2011 | |
| 300 |
_axiv, 143 leaves _billustration _c28 cm |
||
| 336 |
_2rda content _atext |
||
| 337 |
_2rda media _aunmediated |
||
| 338 |
_2rda carrier _avolume |
||
| 502 |
_aUGTHESIS _bBachelor of Science in Community Development _cUniversity of Rizal System, Rodriguez, Rizal |
||
| 520 | _aThis study aimed to acquaint and clarify the Culture of the Indigenous People Dumagat/Remontados at Barangay Puray Rodriguez Rizal. Specifically, this study sought to identify the profile of the members in terms of Origin of the Study, Composition of the Locale, and culture in terms of knowledge, tribal Norms, Folkvays, Belief, and Language. As a student of man and his culture the researchers presented and developed their subject by using Ethnographic Approach focusing merely on cultural by use of investigating cultures through collecting and describing data that is intended to help in the development of a theory. This method is also called "ethnomethodology" or "methodology of the people" | ||
| 650 | _2Indigenous people | ||
| 700 |
_aCruz, Jennifer V. _eResearcher |
||
| 700 |
_aVertudez, Alona C. _eResearcher |
||
| 700 |
_aSumigcay, Mia S. _eAdviser |
||
| 856 |
_3Online Request for Student Unpublished Works _uhttps://forms.gle/7LqvGGkaDrUQqz429 |
||
| 942 |
_2lcc _cT |
||
| 999 |
_c77726 _d77725 |
||